UBT Library

GUIDE TO MAINGING AND MAINTAINING YOUR PC (Record no. 39444)

000 -LEADER
fixed length control field 00291nam a22001217a 4500
008 - FIXED-LENGTH DATA ELEMENTS--GENERAL INFORMATION
fixed length control field 171227b xxu||||| |||| 00| 0 eng d
041 ## - LANGUAGE CODE
Language code of text/sound track or separate title eng
080 ## - UNIVERSAL DECIMAL CLASSIFICATION NUMBER
Edition identifier 7 ED
Universal Decimal Classification number 004
100 ## - Rafti
Rafti 34
101 ## - Shkurtesa
Shkurtesa SHK
245 ## - TITLE STATEMENT
Title GUIDE TO MAINGING AND MAINTAINING YOUR PC
Statement of responsibility, etc JEAN.A
942 ## - ADDED ENTRY ELEMENTS (KOHA)
Source of classification or shelving scheme
Item type Books
Holdings
Withdrawn status Lost status Source of classification or shelving scheme Damaged status Not for loan Collection code Permanent location Current location Shelving location Date acquired Total Checkouts Full call number Barcode Date last seen Price effective from Koha item type
          Koleksioni i përgjithshem UBT - Lipjan UBT - Lipjan Koleksioni i përgjithshem 12/27/2017   004 JEA 002-2939904 12/27/2017 12/27/2017 Books
          Koleksioni i përgjithshem UBT - Lipjan UBT - Lipjan Koleksioni i përgjithshem 12/27/2017   004 JEA 002-29899 12/27/2017 12/27/2017 Books
UBT Library © 2015-2024. All rights reserved University Education for Business and Technology